| 000 | 02230cam a22002174a 4500 | ||
|---|---|---|---|
| 005 | 20250605163943.0 | ||
| 008 | 250528s ||||||||||||||||||||||||d | ||
| 035 | _a15119 | ||
| 020 | _a30598818 | ||
| 040 |
_aGR-AtMCL _bgre _dGR-AtMCL _eAACR2 |
||
| 245 | 1 | _aManagement: Theory,Process and Practice / Third Edition | |
| 250 | _a3rd | ||
| 260 |
_bThe Dryden Press, _c1982 |
||
| 300 | _a544 | ||
| 505 | 0 | _aDevelopment of Management Theory, The Evolution of Management Thought, Modern Schools of Management Thought, The Management Process School of Management, The Planning Process, The Organizing Process, Adaptive Organization Structures, The Controlling Process, The Quantitative School of Management, Fundamentals of Decision Making, Modern Quantitative Decision-Making Tools and Processes, Information Systems and Decision Making, The Behavioral School of Management, Interpersonal and Organizational Communication, Modern Motivation Theory, Leadership Effectiveness, Human Resource Development, The Future of Management Theory, Management Theory: Current Status and Future Direction, Social Responsibility: A Continuing Challenge, International Management: Challenges and Opportunities, Management in the Future, Glossary of Terms, Author and Subject Index. | |
| 520 | _aDevelopment of Management Theory, The Evolution of Management Thought, Modern Schools of Management Thought, The Management Process School of Management, The Planning Process, The Organizing Process, Adaptive Organization Structures, The Controlling Process, The Quantitative School of Management, Fundamentals of Decision Making, Modern Quantitative Decision-Making Tools and Processes, Information Systems and Decision Making, The Behavioral School of Management, Interpersonal and Organizational Communication, Modern Motivation Theory, Leadership Effectiveness, Human Resource Development, The Future of Management Theory, Management Theory: Current Status and Future Direction, Social Responsibility: A Continuing Challenge, International Management: Challenges and Opportunities, Management in the Future, Glossary of Terms, Author and Subject Index. | ||
| 700 | 1 |
_aHodgetts Richard M _9970 |
|
| 942 | _cBK | ||
| 999 |
_c716 _d716 |
||